[Event "Penang op 15th"]
[Site "Penang"]
[Date "2023.12.20"]
[Round "5"]
[White "Villanueva, Nelson"]
[Black "Lee, Jing Xi Jonathan"]
[Result "0-1"]
[WhiteElo "2119"]
[BlackElo "1626"]
[PlyCount "174"]
[EventDate "2023.12.18"]
[EventType "swiss"]
[EventRounds "9"]
[EventCountry "MAS"]
[SourceTitle "CB52_2023"]
[SourceDate "2023.12.27"]
[SourceVersion "1"]
[SourceVersionDate "2023.12.27"]
[SourceQuality "1"]

1. d4 e6 2. Nf3 d5 3. e3 c5 4. Be2 Nf6 5. 0-0 Nc6 6. b3 cxd4 7. exd4 Be7 8. c4 0-0 9. Nc3 b6 10. Bb2 Ba6 11. cxd5 Bxe2 12. Qxe2 Nxd5 13. Rfd1 Rc8 14. Rac1 Ncb4 15. Nxd5 Nxd5 16. Rxc8 Qxc8 17. Rc1 Qa8 18. Qc4 Nf4 19. Qc2 g5 20. Kf1 g4 21. Ne1 Qd5 22. Qc6 Qh5 23. Qe4 Qxh2 24. g3 Qh3+ 25. Kg1 Nd5 26. Rc4 Qh5 27. Nd3 Nf6 28. Qe2 Qd5 29. Ne5 h5 30. Qe3 Nh7 31. Rc7 Bf6 32. Ba3 Bxe5 33. dxe5 Rd8 34. Bd6 Qd1+ 35. Kh2 Qf3 36. Qxf3 gxf3 37. Rc3 Ng5 38. Be7 Ne4 39. Rxf3 Rd2 40. Kg2 Rxa2 41. Rf4 Nc5 42. Rh4 Nd3 43. Rxh5 Rxf2+ 44. Kg1 Rf5 45. Rh4 Nxe5 46. Ra4 Ng6 47. Bd8 Rd5 48. Bf6 a5 49. b4 axb4 50. Rxb4 b5 51. Rb2 Rf5 52. Bd4 Ne5 53. Kg2 Nc6 54. Bc3 Rc5 55. Bf6 Kh7 56. Ra2 Kg6 57. Bh8 Rh5 58. Bb2 Rd5 59. Bc1 b4 60. Ra6 Rc5 61. Be3 Rc2+ 62. Kf3 b3 63. Rb6 b2 64. Ke4 Ne7 65. Bd4 Nf5 66. Be5 Re2+ 67. Kf4 Nxg3 68. Bxb2 Nf5 69. Be5 Rf2+ 70. Kg4 Ne3+ 71. Kg3 Nc4 72. Rb8 Ra2 73. Bd4 Kf5 74. Rb7 Nd6 75. Rd7 Ne4+ 76. Kf3 Ng5+ 77. Ke3 Ra3+ 78. Ke2 e5 79. Bc5 Rb3 80. Be7 Ne6 81. Bd6 Nf4+ 82. Kf2 Ke6 83. Rd8 Rd3 84. Bc7 Rxd8 85. Bxd8 Kd5 86. Ke3 Ne6 87. Bf6 Nc5 0-1

[Event "SGP-ch 74th"]
[Site "Singapore"]
[Date "2023.01.27"]
[Round "1"]
[White "Siddharth, Jagadeesh"]
[Black "Lee, Jing Xi Jonathan"]
[Result "1-0"]
[WhiteElo "2396"]
[BlackElo "1672"]
[PlyCount "79"]
[EventDate "2023.01.27"]
[EventType "swiss"]
[EventRounds "9"]
[EventCountry "SIN"]
[SourceTitle "CBM 212 Extra"]
[Source "ChessBase"]
[SourceDate "2023.03.31"]
[SourceVersion "1"]
[SourceVersionDate "2023.03.31"]
[SourceQuality "1"]

1. d4 e6 2. c4 b6 3. e4 Bb4+ 4. Bd2 Bxd2+ 5. Qxd2 d5 6. cxd5 exd5 7. e5 Ne7 8. Bd3 c5 9. Nf3 Nbc6 10. h3 cxd4 11. 0-0 0-0 12. Na3 Bf5 13. Rfe1 Qd7 14. Bb5 a6 15. Bxc6 Nxc6 16. Nxd4 Rac8 17. Nxf5 Qxf5 18. Qxd5 Rfd8 19. Qe4 Qxe4 20. Rxe4 Nd4 21. Kf1 Nc2 22. Nxc2 Rxc2 23. Re2 Rdd2 24. Rxd2 Rxd2 25. b4 Kf8 26. a3 Ke7 27. Rc1 Kd7 28. Rc3 Ra2 29. g4 Ke6 30. Re3 g5 31. Kg2 Rd2 32. Rf3 Rd5 33. Rf6+ Kxe5 34. Rxb6 a5 35. a4 axb4 36. Rxb4 Rd6 37. a5 Rc6 38. Rb5+ Ke4 39. Rxg5 Ra6 40. Rf5 1-0

[Event "Penang op-A 14th"]
[Site "Penang"]
[Date "2022.12.21"]
[Round "5"]
[White "Lee, Jing Xi Jonathan"]
[Black "Tin, Shan Wen"]
[Result "0-1"]
[WhiteElo "1731"]
[BlackElo "1907"]
[PlyCount "64"]
[EventDate "2022.12.19"]
[EventType "swiss"]
[EventRounds "9"]
[EventCountry "MAS"]
[SourceTitle "CBM 211 Extra"]
[Source "ChessBase"]
[SourceDate "2023.01.31"]
[SourceVersion "1"]
[SourceVersionDate "2023.01.31"]
[SourceQuality "1"]

1. Nf3 c5 2. b3 Nc6 3. Bb2 d6 4. e3 e5 5. d4 cxd4 6. exd4 e4 7. Qe2 Nf6 8. c4 Qe7 9. Ng5 h6 10. d5 Nb4 11. Qd2 Nd3+ 12. Bxd3 exd3+ 13. Kd1 Qe2+ 14. Qxe2+ dxe2+ 15. Kxe2 hxg5 16. Nc3 Bf5 17. Nb5 Kd7 18. f3 Be7 19. Rac1 Bd8 20. Ba3 Re8+ 21. Kd2 Bc7 22. g4 Bg6 23. b4 a5 24. c5 Nxd5 25. Nxc7 Kxc7 26. b5 Nb4 27. cxd6+ Kb6 28. Bb2 Rad8 29. Bd4+ Kxb5 30. Rc5+ Ka6 31. Kc3 Rxd6 32. a3 Nc6 0-1

[Event "Tanglin op"]
[Site "Singapore"]
[Date "2022.05.29"]
[Round "3"]
[White "Agung, Rinaldi Santoso"]
[Black "Lee, Jing Xi Jonathan"]
[Result "0-1"]
[WhiteElo "1423"]
[BlackElo "1620"]
[PlyCount "90"]
[EventDate "2022.05.28"]
[EventType "swiss"]
[EventRounds "9"]
[EventCountry "SIN"]
[SourceTitle "CBM 208 Extra"]
[Source "ChessBase"]
[SourceDate "2022.07.31"]
[SourceVersion "1"]
[SourceVersionDate "2022.07.31"]
[SourceQuality "1"]

1. e4 c5 2. Be2 Nc6 3. f4 g6 4. Nf3 Bg7 5. c3 Nf6 6. d3 d6 7. 0-0 0-0 8. a4 e5 9. Qe1 exf4 10. Bxf4 d5 11. Nbd2 Re8 12. Bg5 h6 13. Bxf6 Bxf6 14. Qf2 d4 15. c4 Be6 16. h3 Kg7 17. Nh2 Bg5 18. Qe1 Nb4 19. Qd1 Qd6 20. Rf3 f5 21. exf5 Bxf5 22. g4 Be3+ 23. Kg2 Bxd3 24. Bxd3 Nxd3 25. Ndf1 Nf4+ 26. Kh1 Qc6 27. b4 Nxh3 28. Kg2 Ng5 29. b5 Qe4 30. Ng3 Qe6 31. Rf1 Qxc4 32. Nf3 d3 33. Nxg5 Bxg5 34. Qf3 Re7 35. Rae1 Rf7 36. Qxf7+ Qxf7 37. Rxf7+ Kxf7 38. Ne4 Be7 39. Kf3 c4 40. Ke3 Rd8 41. Kd2 Bb4+ 42. Nc3 Re8 43. Rf1+ Kg7 44. Rc1 Re2+ 45. Kd1 Rg2 0-1

[Event "Tanglin op"]
[Site "Singapore"]
[Date "2022.05.29"]
[Round "2"]
[White "Lee, Jing Xi Jonathan"]
[Black "Ho, Ray Ee"]
[Result "1-0"]
[WhiteElo "1620"]
[BlackElo "1227"]
[PlyCount "113"]
[EventDate "2022.05.28"]
[EventType "swiss"]
[EventRounds "9"]
[EventCountry "SIN"]
[SourceTitle "CBM 208 Extra"]
[Source "ChessBase"]
[SourceDate "2022.07.31"]
[SourceVersion "1"]
[SourceVersionDate "2022.07.31"]
[SourceQuality "1"]

1. e4 e6 2. d4 d5 3. Nc3 dxe4 4. Nxe4 Bd7 5. Nf3 Bc6 6. Bd3 Nd7 7. 0-0 Ngf6 8. Ng3 Be7 9. Re1 Bxf3 10. Qxf3 c6 11. c3 0-0 12. h4 Nb6 13. h5 Qd5 14. Ne4 Nxh5 15. g4 f5 16. Qh3 fxg4 17. Qxg4 Qf5 18. Qxf5 exf5 19. Ng3 Nxg3 20. Rxe7 Nh5 21. Rxb7 Nd5 22. f3 Nhf4 23. Bc4 Kh8 24. Kf2 Rfe8 25. Bd2 h5 26. Re1 h4 27. Bf1 Rxe1 28. Bxe1 Re8 29. Bd2 g5 30. c4 Nb6 31. Bxf4 gxf4 32. Rxa7 Nc8 33. Rc7 Ne7 34. b4 Kg7 35. b5 cxb5 36. cxb5 Kf6 37. b6 Rb8 38. b7 Nd5 39. Rc5 Ne3 40. Ba6 h3 41. Kg1 Kg5 42. Rc8 Kh4 43. Rxb8 Kg3 44. Rg8+ Kxf3 45. b8Q Ng4 46. Qb3+ Ne3 47. Bb7+ Ke2 48. Qb2+ Kd3 49. Ba6+ Ke4 50. Re8+ Kf3 51. Qf2+ Kg4 52. Rg8+ Kh5 53. Be2+ Ng4 54. Bxg4+ fxg4 55. Qe2 f3 56. Qe5+ Kh4 57. Rh8# 1-0